Design of Concrete Bridges (Record no. 55766)

MARC details
000 -LEADER
fixed length control field 00444nam a2200181Ia 4500
008 - FIXED-LENGTH DATA ELEMENTS--GENERAL INFORMATION
fixed length control field 230524s9999 xx 000 0 und d
020 ## - INTERNATIONAL STANDARD BOOK NUMBER
ISBN 8174091173
082 ## - DEWEY DECIMAL CLASSIFICATION NUMBER
Classification number 624.2
Item number ASW
100 ## - MAIN ENTRY--AUTHOR NAME
Personal name M.G.Aswani
245 #0 - TITLE STATEMENT
Title Design of Concrete Bridges
250 ## - EDITION STATEMENT
Edition statement 2
260 ## - PUBLICATION, DISTRIBUTION, ETC. (IMPRINT)
Place of publication Delhi
Name of publisher Khanna Pub.
Year of publication 2013
300 ## - PHYSICAL DESCRIPTION
Number of Pages 431p;
500 ## - GENERAL NOTE
General note Quantity Number: 1
650 ## - SUBJECT ADDED ENTRY--TOPICAL TERM
Topical Term Civil
700 ## - ADDED ENTRY--PERSONAL NAME
Personal name V.N.Vazirani [etal....]
942 ## - ADDED ENTRY ELEMENTS (KOHA)
Koha item type Books
Holdings
Lost status Damaged status Permanent Location Current Location Shelving location Date acquired Full call number Accession Number Koha item type
    Central Library, Trident Academy of Technology Central Library, Trident Academy of Technology General Stacks 05/24/2023 624.2 ASW 52983 Books
Trident Academy of Technology © 2023.
All rights reserved.                                                                                                                                                                                                        Designed by Team of Central Library .

Powered by Koha